[Event "World Blitz 2023"]
[Site "Samarkand UZB"]
[Date "2023.12.30"]
[Round "16.49"]
[White "Amar, Elham"]
[Black "Abdisalimov, Abdimalik"]
[Result "1/2-1/2"]
[WhiteElo "2470"]
[BlackElo "2417"]
[EventDate "2023.12.29"]

1. e4 c5 2. Nf3 d6 3. d4 cxd4 4. Nxd4 Nf6 5. Nc3 a6 6. Bc4 e6 7. Bg5 b5 8.
Bb3 Be7 9. a3 O-O 10. f4 Bb7 11. f5 e5 12. Bxf6 Bxf6 13. Nf3 Nc6 14. Nd5
Nd4 15. O-O Rc8 16. Nxd4 exd4 17. Qd3 Kh8 18. Nxf6 Qxf6 19. Rad1 Rfe8 20.
Qxd4 Bxe4 21. Qxf6 gxf6 22. c3 d5 23. Bxd5 Bxd5 24. Rxd5 Re2 25. Rd6 Rxb2
26. Rf3 Rg8 27. g3 Re8 28. Rf2 Re1+ 29. Kg2 Ree2 30. Rxe2 Rxe2+ 31. Kh3 Kg7
32. Rxa6 Rc2 33. Rc6 h5 34. Rc5 Rb2 35. c4 bxc4 36. Rxc4 Ra2 37. Rh4 Kh6
38. a4 Kg5 39. Rf4 Rb2 40. Rc4 Ra2 41. Rb4 Rc2 42. Rb5 Ra2 43. Ra5 Rb2 44.
Ra8 Kxf5 45. a5 h4 46. g4+ Kg5 47. Rg8+ Kh6 48. a6 Ra2 49. Ra8 Kg7 50. Kxh4
Rxh2+ 51. Kg3 Ra2 52. Kf4 Ra4+ 53. Kf5 Ra5+ 54. Ke4 Ra4+ 55. Kd5 Rxg4 56.
Kc5 Ra4 57. Kb6 f5 58. Rc8 f4 59. a7 Kg6 60. Rc6+ f6 61. Rc4 Rxa7 62. Kxa7
Kg5 63. Kb6 f3 64. Kc5 f2 65. Rc1 Kf4 66. Kd4 Kf3 67. Kd3 f5 68. Ra1 f4 69.
Rb1 Kg2 70. Ke2 f3+ 71. Ke3 f1=Q 72. Rxf1 Kxf1 73. Ke4 1/2-1/2

[Event "World Blitz 2023"]
[Site "Samarkand UZB"]
[Date "2023.12.30"]
[Round "16.50"]
[White "Gaehwiler, Gabriel"]
[Black "Ansat, Aldiyar"]
[Result "1/2-1/2"]
[WhiteElo "2448"]
[BlackElo "2404"]
[EventDate "2023.12.29"]

1. d4 Nf6 2. Nf3 g6 3. g3 c5 4. dxc5 Na6 5. b3 Bg7 6. Bb2 Nxc5 7. Bg2 b6 8.
c4 Bb7 9. Nc3 O-O 10. O-O d5 11. cxd5 Nxd5 12. Rc1 Rc8 13. Ba1 Nf6 14. Ng5
Bxg2 15. Kxg2 Qe8 16. b4 Na6 17. a3 h6 18. Nf3 Nc7 19. Qb3 Nb5 20. Rfd1 Nd6
21. Ne5 Kh7 22. Nd5 Rxc1 23. Rxc1 Qa8 24. Nc6 Rc8 25. Ndxe7 Rc7 26. Kg1 b5
27. Bxf6 Bxf6 28. Nd5 Rxc6 29. Nxf6+ Kg7 30. Rxc6 Qxc6 31. Ng4 Qc1+ 32. Kg2
h5 33. Ne3 Nc4 34. Qd3 Nxe3+ 35. fxe3 a6 36. Qd4+ Kg8 37. Qd3 Kg7 38. e4
Qb2 39. Kf3 Qf6+ 40. Kg2 Qb2 41. Kf2 Qa1 42. Kg2 Kg8 43. Qd8+ Kg7 44. Qd3
Kg8 45. h3 Kg7 46. Qe3 Qe5 47. Qd3 Qa1 48. Qe3 Qe5 49. Qd3 Qa1 50. Qe3 Qe5
51. Qd3 1/2-1/2

[Event "World Blitz 2023"]
[Site "Samarkand UZB"]
[Date "2023.12.30"]
[Round "16.51"]
[White "Isanzhulov, Arystan"]
[Black "Pingin, Artem"]
[Result "1-0"]
[WhiteElo "2431"]
[BlackElo "2358"]
[EventDate "2023.12.29"]

1. e4 c5 2. Nf3 d6 3. Nc3 a6 4. g3 Nc6 5. Bg2 g6 6. d4 cxd4 7. Nxd4 Bg7 8.
Nxc6 bxc6 9. O-O Bd7 10. Be3 Nf6 11. h3 Rb8 12. Rb1 O-O 13. Qd2 Re8 14.
Rfd1 Qc8 15. Kh2 Be6 16. b3 Rd8 17. Bd4 Rb4 18. Bxf6 Bxf6 19. Nd5 Rb7 20.
Nxf6+ exf6 21. Qf4 d5 22. Qxf6 Rbd7 23. e5 d4 24. Rd2 c5 25. h4 Rf8 26. Be4
Qd8 27. Qf4 f5 28. exf6 Rxf6 29. Qg5 Qf8 30. Kg1 Rdf7 31. Qe5 Kg7 32. Re1
a5 33. Rde2 a4 34. bxa4 Bxa2 35. a5 Bc4 36. Bd3 Bxd3 37. cxd3 Kg8 38. Qd5
Kg7 39. Qe5 Qc8 40. Rc1 Rc7 41. Rec2 Qf5 42. Qxc7+ Rf7 43. Qxc5 Qxd3 44.
Qe5+ Kh6 45. Qg5+ Kg7 46. Rd2 Qe4 47. Rcd1 Qf3 48. Qe5+ Kg8 49. Qxd4 h5 50.
Qe3 Qf6 51. Rd6 Qf5 52. Rd8+ Kh7 53. Qd4 Rf6 54. Rd7+ Rf7 55. Rxf7+ 1-0

[Event "World Blitz 2023"]
[Site "Samarkand UZB"]
[Date "2023.12.30"]
[Round "16.52"]
[White "Sattarov, Bobir"]
[Black "Aditya, Mittal"]
[Result "0-1"]
[WhiteElo "2351"]
[BlackElo "2425"]
[EventDate "2023.12.29"]

1. e4 c5 2. Nf3 d6 3. d4 cxd4 4. Nxd4 Nf6 5. f3 e5 6. Nb3 Be6 7. c4 Nbd7 8.
Nc3 Rc8 9. Be3 a6 10. Nd5 Be7 11. Be2 O-O 12. O-O a5 13. Qd2 b6 14. Rac1 a4
15. Na1 Nc5 16. Nc2 Nfd7 17. Rfd1 f5 18. exf5 Bxf5 19. Nxe7+ Qxe7 20. Nb4
e4 21. Qxd6 Qf7 22. f4 Rfe8 23. Qd5 Be6 24. Qd4 Nf6 25. h3 h5 26. Qd6 Bf5
27. Qxb6 Nd3 28. Nxd3 exd3 29. Bxd3 Rb8 30. Qa7 Bxd3 31. Rxd3 Rxb2 32.
Qxf7+ Kxf7 33. c5 Re2 34. Bd4 Rxa2 35. c6 Nd5 36. Be5 Nb6 37. c7 a3 38. Rc6
Nc8 39. Ra6 g5 40. Rd8 gxf4 41. Rxe8 Kxe8 42. Bxf4 Kd7 43. Be5 Re2 44. Bf4
a2 45. Kh2 h4 46. Bg5 Kxc7 47. Bxh4 Kb7 48. Ra3 Nd6 49. Bf6 Kb6 50. h4 Nc4
51. Rb3+ Kc5 52. h5 Ne5 53. Kg3 a1=Q 54. Rf3 Qe1+ 55. Kh3 Nxf3 0-1

[Event "World Blitz 2023"]
[Site "Samarkand UZB"]
[Date "2023.12.30"]
[Round "16.53"]
[White "Gorovets, Andrey"]
[Black "Bakhrillaev, Bakhrom"]
[Result "1-0"]
[WhiteElo "2418"]
[BlackElo "1994"]
[EventDate "2023.12.29"]

1. Nf3 Nf6 2. c4 g6 3. g3 Bg7 4. d4 d6 5. Bg2 O-O 6. O-O c6 7. Nc3 Bf5 8.
Qb3 Qb6 9. Re1 Ne4 10. Nh4 Nxc3 11. Nxf5 Nxe2+ 12. Rxe2 gxf5 13. Rxe7 Bxd4
14. Qf3 Bf6 15. Qxf5 Bxe7 16. Be4 Kg7 17. Bh6+ Kxh6 18. Qxh7+ Kg5 19. Qh4#
1-0

[Event "World Blitz 2023"]
[Site "Samarkand UZB"]
[Date "2023.12.30"]
[Round "16.54"]
[White "Nasuta, Grzegorz"]
[Black "Brunello, Sabino"]
[Result "0-1"]
[WhiteElo "2467"]
[BlackElo "2573"]
[EventDate "2023.12.29"]

1. e4 e5 2. Nf3 Nc6 3. Bc4 Nf6 4. d3 Be7 5. O-O O-O 6. Re1 d6 7. a4 a5 8.
h3 Nd7 9. Nc3 Nb6 10. Bb3 Be6 11. Nd5 Bxd5 12. Bxd5 Nxd5 13. exd5 Nb4 14.
d4 Nxd5 15. dxe5 dxe5 16. Nxe5 Bf6 17. c4 Re8 18. Nxf7 Rxe1+ 19. Qxe1 Kxf7
20. cxd5 Qxd5 21. Bf4 Re8 22. Qd1 Qxd1+ 23. Rxd1 Re4 24. Bxc7 Rxa4 25. b3
Ra3 26. Rd7+ Ke8 27. Rd5 Rxb3 28. Bxa5 b5 29. Kf1 b4 30. Rb5 Rb1+ 31. Ke2
b3 32. Kd2 Ra1 33. Bc3 Ra2+ 34. Kd3 Bxc3 35. Kxc3 Rxf2 36. Rxb3 Rxg2 37.
Kd4 Re2 38. Rf3 Ke7 39. Kd3 Re1 40. Kd2 Re5 41. Kd3 Ke6 42. Rg3 Kf6 43.
Rf3+ Kg6 44. Rg3+ Kh6 45. Kd4 Re1 46. Kd3 Re7 47. Kd2 Kh5 48. Rg4 g5 49.
Kd3 h6 50. Kd2 Re8 51. Kd3 Re1 52. Ra4 Rh1 53. Ke2 Rxh3 54. Kf2 Rb3 55. Kg2
g4 56. Ra6 Kg5 57. Kh2 h5 58. Ra2 Kh4 59. Kg2 Re3 60. Kh2 Rc3 61. Kg2 Rc4
62. Kh2 g3+ 63. Kg2 Kg4 64. Rb2 h4 65. Rb1 Rc2+ 66. Kg1 Kh3 67. Kh1 Rc3 68.
Kg1 Rc4 69. Kh1 Kg4 70. Kg1 h3 71. Ra1 Re4 72. Rb1 h2+ 73. Kh1 Kh3 0-1

[Event "World Blitz 2023"]
[Site "Samarkand UZB"]
[Date "2023.12.30"]
[Round "16.55"]
[White "Gareyev, Timur"]
[Black "Amilal, Munkhdalai"]
[Result "1-0"]
[WhiteElo "2569"]
[BlackElo "2293"]
[EventDate "2023.12.29"]

1. e4 c5 2. b4 cxb4 3. Nf3 e6 4. d4 d5 5. e5 Nc6 6. a3 bxa3 7. c3 a6 8.
Nxa3 Rb8 9. Bd3 Nge7 10. h4 Bd7 11. Nc2 Nc8 12. Ng5 Qc7 13. Qf3 Nd8 14. O-O
h6 15. Nh7 Be7 16. Qg4 g6 17. Nf6+ Bxf6 18. exf6 Nd6 19. Qg3 Bb5 20. Bf4
Kd7 21. Bxb5+ axb5 22. Na3 Qc6 23. Nxb5 Ne4 24. Qe3 Qxb5 25. Bxb8 Nc6 26.
Rfb1 Qc4 27. Rxb7+ Kc8 28. Rab1 Nxc3 29. R1b6 Nxb8 30. Rxb8+ Kc7 31. Qf4+
1-0

[Event "World Blitz 2023"]
[Site "Samarkand UZB"]
[Date "2023.12.30"]
[Round "16.56"]
[White "Leiva, Gianmarco"]
[Black "Van Foreest, Lucas"]
[Result "0-1"]
[WhiteElo "2338"]
[BlackElo "2519"]
[EventDate "2023.12.29"]

1. d4 g6 2. e4 Bg7 3. c3 d6 4. Nf3 Nd7 5. Bc4 e6 6. Bb3 b6 7. O-O Bb7 8.
Re1 Ne7 9. Nbd2 a6 10. Nf1 c5 11. Ng3 b5 12. Bf4 e5 13. Be3 Qc7 14. Qd2 O-O
15. Bh6 c4 16. Bc2 Rad8 17. a4 Qb6 18. axb5 axb5 19. h4 f6 20. Rad1 Rfe8
21. Bxg7 Kxg7 22. h5 Nf8 23. d5 Bc8 24. Ra1 Bg4 25. Nh2 Bd7 26. Ra2 Ra8 27.
Rea1 Qb7 28. h6+ Kg8 29. f4 Rxa2 30. Rxa2 Ra8 31. Rxa8 Qxa8 32. Qf2 Qa6 33.
fxe5 dxe5 34. Ngf1 Nc8 35. Qc5 Nd6 36. Qc7 Kf7 37. Ng4 Ke7 38. Nge3 Qb7 39.
Qc5 Be8 40. Bd1 Nd7 41. Qa3 Qb6 42. Bf3 Nc5 43. Kh2 Bd7 44. Ng3 Na4 45.
Ngf1 Qc5 46. Qxc5 Nxc5 47. Nd2 f5 48. Kg1 Kf6 49. Kf2 Kg5 50. exf5 gxf5 51.
Be2 Kxh6 52. Nf3 Nf7 53. Ke1 Kg6 54. Kd2 Kf6 55. Bd1 f4 56. Nc2 e4 57. Nfd4
e3+ 58. Ke1 Nd3+ 59. Kf1 Nxb2 60. Be2 Na4 61. g3 fxg3 62. Nxe3 Nxc3 63.
Nxc4 Nxe2 64. Nxe2 bxc4 65. Nxg3 Ke5 66. Ke2 Kxd5 67. Kd2 Nd6 68. Nh5 Ne4+
69. Ke3 Nd6 70. Nf6+ Kc6 71. Nxh7 Bf5 72. Ng5 Kc5 73. Nf3 Nb5 74. Nh4 Bh7
75. Ng2 c3 76. Nf4 Nd4 77. Ng2 c2 0-1

[Event "World Blitz 2023"]
[Site "Samarkand UZB"]
[Date "2023.12.30"]
[Round "16.57"]
[White "Markov, Mikhail"]
[Black "Savchenko, Boris"]
[Result "0-1"]
[WhiteElo "2255"]
[BlackElo "2513"]
[EventDate "2023.12.29"]

1. c4 e5 2. Nc3 Nf6 3. Nf3 Nc6 4. a3 d5 5. cxd5 Nxd5 6. e4 Nxc3 7. bxc3 Bd6
8. d4 O-O 9. h3 Qe7 10. Bd3 f6 11. O-O Qf7 12. a4 Qh5 13. Be3 Kh8 14. Nd2
Qg6 15. Kh1 Bd7 16. f4 exf4 17. Bxf4 Bxf4 18. Rxf4 Qh6 19. Qf3 g5 20. Rf5
Bxf5 21. Qxf5 g4 22. Nc4 Rg8 23. Rf1 Raf8 24. Kh2 Ne7 25. Qf4 Qxf4+ 26.
Rxf4 f5 27. exf5 Nd5 28. Rxg4 Rxg4 29. hxg4 Nxc3 30. g5 Rd8 31. f6 Rxd4 32.
Ne5 Ne4 33. g6 hxg6 34. Nxg6+ Kg8 35. Bb1 Nxf6 36. Ne7+ Kf7 37. Nf5 Rxa4
38. Bc2 Ra5 39. Ne3 Rc5 40. Bb3+ Kg7 41. Kg3 Rc3 0-1

[Event "World Blitz 2023"]
[Site "Samarkand UZB"]
[Date "2023.12.30"]
[Round "16.58"]
[White "Rojas Salas, Steven"]
[Black "Khusnutdinov, Rustam"]
[Result "0-1"]
[WhiteElo "2210"]
[BlackElo "2499"]
[EventDate "2023.12.29"]

1. d4 d5 2. c4 e6 3. Nc3 Nf6 4. cxd5 exd5 5. Bg5 Be7 6. e3 h6 7. Bf4 O-O 8.
Bd3 c6 9. h3 Nbd7 10. Nf3 Re8 11. O-O Nf8 12. Rb1 Ne6 13. Bh2 a5 14. a3 Ng5
15. Ne5 Nge4 16. Qc2 Nxc3 17. Qxc3 Bd6 18. b4 axb4 19. axb4 Qe7 20. b5 c5
21. Ra1 cxd4 22. exd4 Be6 23. Qc2 Rec8 24. Qe2 Qc7 25. Bf4 Qc3 26. Rad1 Qb3
27. Qf3 Rc3 28. Rb1 Qa3 29. Rfc1 Rac8 30. Rd1 Bf5 31. Bxf5 Rxf3 32. gxf3
Re8 33. Kg2 Nh5 34. Bh2 Qa5 0-1

[Event "World Blitz 2023"]
[Site "Samarkand UZB"]
[Date "2023.12.30"]
[Round "16.59"]
[White "Xiu, Deshun"]
[Black "Xie, Felix"]
[Result "1-0"]
[WhiteElo "2493"]
[BlackElo "2107"]
[EventDate "2023.12.29"]

1. Nf3 Nf6 2. c4 g6 3. Nc3 d5 4. cxd5 Nxd5 5. Qb3 Nb6 6. d4 Bg7 7. e4 O-O
8. Be3 Bg4 9. Rd1 Qc8 10. Be2 Nc6 11. d5 Ne5 12. Nxe5 Bxe2 13. Nxe2 Bxe5
14. O-O e6 15. f4 Bg7 16. dxe6 Qxe6 17. Qxe6 fxe6 18. b3 Rfd8 19. Nd4 Bxd4
20. Bxd4 Nd7 21. Rc1 c6 22. Rfd1 Kf7 23. Kf2 e5 24. fxe5 Ke6 25. Ke3 Nxe5
26. h3 Rd6 27. Bc5 Rxd1 28. Rxd1 Nf7 29. Rf1 Rd8 30. Bd4 Nd6 31. a4 Ne8 32.
Bxa7 Ng7 33. Bd4 Rd7 34. a5 Re7 35. b4 Kd7 36. Bf6 Rf7 37. Rd1+ Kc7 38.
Be5+ Kc8 39. Bxg7 Rxg7 40. e5 Rf7 41. Rd2 g5 42. g3 h5 43. Ke4 h4 44. e6
Rf1 45. gxh4 gxh4 46. Ke5 Re1+ 47. Kf6 Re4 48. e7 Re3 49. Rd4 Kc7 50. Rxh4
Kd7 51. Rd4+ Kc7 52. h4 Rf3+ 53. Kg7 Re3 54. Kf7 Rf3+ 55. Ke8 Rh3 56. Rf4
Rd3 57. Kf7 Rd7 58. Kf8 1-0

[Event "World Blitz 2023"]
[Site "Samarkand UZB"]
[Date "2023.12.30"]
[Round "16.60"]
[White "Shogdzhiev, Roman"]
[Black "Chanda, Sandipan"]
[Result "1/2-1/2"]
[WhiteElo "2117"]
[BlackElo "2490"]
[EventDate "2023.12.29"]

1. e4 c5 2. Nf3 d6 3. d4 cxd4 4. Nxd4 Nf6 5. Nc3 a6 6. g3 e6 7. Bg2 Qc7 8.
O-O Be7 9. Be3 O-O 10. a4 Nc6 11. Nxc6 bxc6 12. a5 Nd7 13. Na4 Rb8 14. Nb6
c5 15. Nxc8 Rfxc8 16. Ra2 c4 17. Re1 Rb5 18. Qa1 Bf6 19. Bf1 d5 20. exd5
exd5 21. c3 Nc5 22. Bxc5 Qxc5 23. Qd1 Rxa5 24. Rxa5 Qxa5 25. Bg2 Rd8 26.
Qe2 g6 27. Rd1 Qb5 28. Qf3 Kg7 29. Rxd5 Qxb2 30. Rxd8 Bxd8 31. Qd5 Bf6 32.
Qxc4 a5 33. Bd5 Bxc3 34. Qc7 Kh6 35. Qf4+ g5 36. Qxf7 Qb1+ 37. Kg2 Qg6 38.
Qf8+ Qg7 39. Qd6+ Qf6 40. Qd7 Bd4 41. f3 Bc5 42. Be4 Qe7 43. Qc6+ Kg7 44.
Qa4 Bb4 45. Qa1+ Qf6 46. Qa2 Qd6 47. Kh3 Qd7+ 48. Kg2 Qd2+ 49. Qxd2 Bxd2
50. Bc2 1/2-1/2

[Event "World Blitz 2023"]
[Site "Samarkand UZB"]
[Date "2023.12.30"]
[Round "16.61"]
[White "Chinguun, Sumiya"]
[Black "Kazhgaleyev, Murtas"]
[Result "0-1"]
[WhiteElo "2200"]
[BlackElo "2488"]
[EventDate "2023.12.29"]

1. e4 c5 2. Nc3 e6 3. Nf3 a6 4. d4 cxd4 5. Nxd4 b5 6. Bd3 Bb7 7. O-O Nc6 8.
Be3 Qc7 9. Kh1 Nf6 10. f4 b4 11. Nce2 Nxd4 12. Bxd4 Nxe4 13. f5 e5 14. Be3
Be7 15. Bxe4 Bxe4 16. Ng3 Bc6 17. Qg4 h5 18. Qxg7 O-O-O 19. f6 Bd6 20. Rf2
h4 21. Nf5 h3 22. Rd1 Bxg2+ 23. Rxg2 hxg2+ 24. Qxg2 Bf8 25. c3 Qb7 26. Rd5
bxc3 27. bxc3 Qb1+ 28. Bg1 Qxf5 29. Rb5 d5 30. Rxd5 Bd6 31. Rd1 e4 32. Rf1
Qd5 33. c4 Qc6 34. c5 Bc7 35. Rb1 Rd5 36. Qg4+ Qe6 37. Qg7 Rdh5 38. Rb2 e3
39. Qg2 Qd5 40. Qxd5 Rxd5 41. Kg2 Rg5+ 42. Kf1 Rxg1+ 43. Kxg1 Rxh2 44. Rb1
Rxa2 45. Re1 Bg3 46. Rb1 e2 47. c6 e1=Q+ 48. Rxe1 Bxe1 49. c7 Kxc7 0-1

[Event "World Blitz 2023"]
[Site "Samarkand UZB"]
[Date "2023.12.30"]
[Round "16.62"]
[White "Bryakin, Mikhail"]
[Black "Sapenov, Daniyal"]
[Result "0-1"]
[WhiteElo "2495"]
[BlackElo "2289"]
[EventDate "2023.12.29"]

1. d4 Nf6 2. Nc3 d5 3. Bf4 c5 4. e4 cxd4 5. Qxd4 Nc6 6. Bb5 Bd7 7. Bxc6
Bxc6 8. e5 Nd7 9. e6 fxe6 10. Nf3 Qb6 11. Qd2 d4 12. Nxd4 Bxg2 13. Rg1 e5
14. Rxg2 exd4 15. O-O-O e5 16. Bg5 Qc6 17. Rg3 dxc3 18. Rxc3 Bb4 19. Qd3
Bxc3 20. bxc3 h6 21. Bh4 g5 22. Qf5 Rf8 23. Qg4 gxh4 24. Qh5+ Kd8 25. Qxe5
Re8 26. Qh5 Kc7 27. Qxh4 Rad8 28. Qg3+ Kc8 29. Rd4 Nb6 30. Rb4 Re1+ 31. Kb2
Nc4+ 32. Kb3 Rb1# 0-1

[Event "World Blitz 2023"]
[Site "Samarkand UZB"]
[Date "2023.12.30"]
[Round "16.63"]
[White "Pranav, V"]
[Black "O`gorman, Tom"]
[Result "1-0"]
[WhiteElo "2562"]
[BlackElo "2288"]
[EventDate "2023.12.29"]

1. e4 e5 2. Nf3 Nc6 3. Bb5 a6 4. Ba4 Nf6 5. O-O Be7 6. d3 d6 7. c4 O-O 8.
Nc3 Bg4 9. Be3 Nd4 10. Bxd4 exd4 11. Ne2 Bxf3 12. gxf3 Nh5 13. f4 Qc8 14.
f5 g6 15. Kh1 gxf5 16. Nxd4 Ng7 17. Rg1 Bf6 18. Nxf5 Kh8 19. Rxg7 Bxg7 20.
Qh5 Qe6 21. c5 dxc5 22. Bb3 Qg6 23. Qh3 Rg8 24. Rg1 Qf6 25. f4 b5 26. Bd5
Rad8 27. e5 Qb6 28. Be4 h6 29. Qh5 Qe6 30. Nh4 c4 31. Rg6 fxg6 32. Nxg6+
Qxg6 33. Qxg6 1-0

[Event "World Blitz 2023"]
[Site "Samarkand UZB"]
[Date "2023.12.30"]
[Round "16.64"]
[White "Kakabayev, Mergen"]
[Black "Zilka, Stepan"]
[Result "1-0"]
[WhiteElo "2255"]
[BlackElo "2494"]
[EventDate "2023.12.29"]

1. e4 c5 2. Nf3 d6 3. d4 cxd4 4. Nxd4 Nf6 5. Nc3 g6 6. f3 Bg7 7. Be3 O-O 8.
Qd2 Nc6 9. O-O-O d5 10. Kb1 Nxd4 11. e5 Nf5 12. exf6 exf6 13. Nxd5 Nxe3 14.
Qxe3 Be6 15. Bc4 f5 16. c3 Qh4 17. Bb3 Rfe8 18. g3 f4 19. Qxf4 Qxf4 20.
Nxf4 Bxb3 21. axb3 Re3 22. Rd3 Rae8 23. Rhd1 h5 24. Kc2 a6 25. Rxe3 Rxe3
26. Rd3 Re1 27. Rd8+ Kh7 28. Rd7 Rf1 29. Rxf7 Rxf3 30. Rxb7 Rf2+ 31. Kd3
Kh6 32. Rb6 Rxb2 33. b4 Rxh2 34. Rxg6+ Kh7 35. Rxa6 Rf2 36. Nxh5 Rf3+ 37.
Ke4 Rxc3 38. Ra7 Kg6 39. Nxg7 Rxg3 40. Kd5 Rd3+ 41. Kc4 1-0

[Event "World Blitz 2023"]
[Site "Samarkand UZB"]
[Date "2023.12.30"]
[Round "16.65"]
[White "Xu, Xiangyu"]
[Black "Xue, Haowen"]
[Result "1-0"]
[WhiteElo "2491"]
[BlackElo "2155"]
[EventDate "2023.12.29"]

1. d4 Nf6 2. Bf4 b6 3. e3 Bb7 4. h4 e6 5. Nd2 Bd6 6. Bxd6 cxd6 7. Ngf3 Nc6
8. c3 d5 9. Bd3 Ne7 10. Qe2 Ne4 11. a4 O-O 12. g4 f5 13. Rg1 Qc7 14. gxf5
Rxf5 15. Ne5 d6 16. Ng4 Kh8 17. f3 Nxd2 18. Kxd2 Rf7 19. Raf1 Raf8 20. h5
e5 21. Bc2 Bc8 22. h6 g6 23. dxe5 dxe5 24. f4 Bxg4 25. Rxg4 e4 26. Bb3 Qc5
27. Qb5 Rf5 28. Rh1 Qd6 29. Qb4 Qf6 30. Qd4 Qxd4+ 31. cxd4 Rc8 32. a5 b5
33. Rg5 Kg8 34. Rxf5 gxf5 35. Rg1+ Kf7 36. Rg7+ Kf6 37. Rxh7 Rg8 38. a6 b4
39. Bd1 Rg2+ 40. Be2 Rh2 41. Kd1 Rh1+ 42. Kd2 Rh2 43. Ke1 Rh1+ 44. Kf2 Rh2+
45. Kf1 Rh1+ 46. Kg2 Rh4 47. Bf1 b3 48. Be2 Ng6 49. Rxa7 Rxh6 50. Rb7 Rh8
51. Bb5 Nh4+ 52. Kg3 Nf3 53. a7 Rg8+ 54. Kf2 Ra8 55. Bc6 Rh8 56. Rb6 Rh2+
57. Kg3 Rxb2 58. Bxd5+ Ke7 59. a8=Q 1-0

[Event "World Blitz 2023"]
[Site "Samarkand UZB"]
[Date "2023.12.30"]
[Round "16.66"]
[White "Drazic, Sinisa"]
[Black "Tissir, Mohamed"]
[Result "1-0"]
[WhiteElo "2276"]
[BlackElo "2458"]
[EventDate "2023.12.29"]

1. d4 e6 2. Nf3 d5 3. Bg5 Nf6 4. Nbd2 Be7 5. c3 c5 6. e3 Nc6 7. Bd3 h6 8.
Bf4 Nh5 9. dxc5 Nxf4 10. exf4 Bxc5 11. O-O O-O 12. Qe2 Qc7 13. g3 Bd7 14.
Nb3 Bb6 15. Rfe1 Rfe8 16. Rad1 Rad8 17. Bb1 a6 18. Kg2 Ba7 19. h4 Bc8 20.
Qd3 f5 21. Bc2 Qf7 22. a3 b5 23. Nbd4 Nxd4 24. cxd4 Bb8 25. Rc1 Bd6 26. Bb3
Bd7 27. Qd2 Rc8 28. Qa5 Ra8 29. Qb6 Qf8 30. Ne5 Bxe5 31. Rxe5 Rec8 32. Ree1
Rc4 33. Bxc4 dxc4 34. d5 exd5 35. Rcd1 d4 36. Rxd4 Qc8 37. Re7 Qc6+ 38.
Qxc6 Bxc6+ 39. f3 Kf8 40. Re5 Rc8 41. Rxf5+ Ke7 42. Kf2 a5 43. Re5+ Kf7 44.
Rc5 Ke6 45. g4 Rc7 46. Ke3 Rc8 47. f5+ Ke7 48. h5 Rc7 49. Kf4 Rc8 50. Ke5
Rc7 51. Rd6 1-0

[Event "World Blitz 2023"]
[Site "Samarkand UZB"]
[Date "2023.12.30"]
[Round "16.67"]
[White "Akhmedov, David"]
[Black "Agmanov, Zhandos"]
[Result "0-1"]
[WhiteElo "2154"]
[BlackElo "2407"]
[EventDate "2023.12.29"]

1. e4 e6 2. d3 c5 3. Nf3 Nc6 4. g3 g6 5. Bg2 Bg7 6. O-O Nge7 7. Re1 d6 8.
c3 e5 9. a3 O-O 10. b4 b6 11. b5 Na5 12. c4 h6 13. a4 Be6 14. Bd2 Kh7 15.
Nc3 Rb8 16. Nd5 f5 17. Bxa5 bxa5 18. Nd2 f4 19. Nb3 Nxd5 20. cxd5 Bd7 21.
Nd2 h5 0-1

[Event "World Blitz 2023"]
[Site "Samarkand UZB"]
[Date "2023.12.30"]
[Round "16.68"]
[White "Mustafaev, Jamshid"]
[Black "Botiraliev, Abdumajid"]
[Result "1-0"]
[WhiteElo "2323"]
[BlackElo "1515"]
[EventDate "2023.12.29"]

1. e4 e5 2. Nf3 Nc6 3. Bc4 Nf6 4. Ng5 d5 5. exd5 Na5 6. Bb5+ c6 7. dxc6
bxc6 8. Be2 h6 9. Nh3 Bc5 10. d3 O-O 11. Nc3 Re8 12. O-O Bxh3 13. gxh3 Qd7
14. Bg4 Nxg4 15. Qxg4 f5 16. Qg2 Re6 17. Kh1 Rf8 18. Be3 Bd6 19. Rae1 Qf7
20. Rg1 Nb7 21. Qxc6 f4 22. Bd2 Qh5 23. Qxb7 f3 24. Qxg7# 1-0

[Event "World Blitz 2023"]
[Site "Samarkand UZB"]
[Date "2023.12.30"]
[Round "16.69"]
[White "Wanyama, Harold"]
[Black "Vescovi, Giovanni"]
[Result "0-1"]
[WhiteElo "2228"]
[BlackElo "2593"]
[EventDate "2023.12.29"]

1. d4 Nf6 2. c4 e6 3. g3 c5 4. d5 exd5 5. cxd5 d6 6. Nc3 g6 7. Bg2 Bg7 8.
Nf3 O-O 9. O-O a6 10. a4 Re8 11. Nd2 Nbd7 12. a5 b5 13. axb6 Nxb6 14. Na4
Nbxd5 15. Nc4 Bb7 16. Re1 Re6 17. e4 Nb4 18. e5 Bxg2 19. exf6 Bf3 20. Qxf3
Rxe1+ 21. Kg2 Bxf6 22. Bg5 Re6 23. Nab6 Rb8 24. Bf4 Rxb6 25. Nxb6 Qxb6 26.
Bh6 d5 27. Rd1 Bg7 28. Bd2 h5 29. Bxb4 Qxb4 30. Rxd5 Qe4 31. Qxe4 Rxe4 32.
Rxc5 Bxb2 33. Rc8+ Kg7 34. Ra8 Re6 35. f4 Bc3 36. Kf3 f5 37. h3 a5 38. g4
hxg4+ 39. hxg4 Re7 40. Ra6 Kf7 41. Kg3 Rd7 42. Kh4 Bf6+ 43. g5 Bc3 44. Kg3
Re7 45. Kf3 Re6 46. Ra7+ Ke8 47. Ra8+ Kd7 48. Ra7+ Kc8 49. Ra8+ Kb7 50. Rd8
a4 51. Rd3 Rc6 52. Rd7+ Ka6 53. Rd8 Kb5 54. Ke2 a3 55. Rb8+ Ka4 56. Ra8+
Ba5 0-1

[Event "World Blitz 2023"]
[Site "Samarkand UZB"]
[Date "2023.12.30"]
[Round "16.70"]
[White "Turayev, Shahruh"]
[Black "Pichot, Alan"]
[Result "0-1"]
[WhiteElo "2168"]
[BlackElo "2592"]
[EventDate "2023.12.29"]

1. e4 e5 2. Nc3 Nf6 3. Bc4 Nc6 4. d3 Bb4 5. Ne2 Na5 6. O-O O-O 7. Nd5 Nxd5
8. Bxd5 c6 9. Bb3 Nxb3 10. axb3 d5 11. Ng3 Re8 12. Be3 a5 13. c3 Bf8 14.
exd5 cxd5 15. f4 d4 16. cxd4 exd4 17. Bd2 Qd5 18. f5 Bd7 19. Ne4 Bb5 20.
Qf3 Qxb3 21. Qg4 Ra6 22. Rxa5 Qxd3 23. Rxb5 Qxb5 24. f6 g6 25. h4 h5 26.
Qf3 Qd5 27. Re1 Rae6 0-1

[Event "World Blitz 2023"]
[Site "Samarkand UZB"]
[Date "2023.12.30"]
[Round "16.71"]
[White "Harutyunyan, Tigran K."]
[Black "Averin, Nikolay"]
[Result "0-1"]
[WhiteElo "2407"]
[BlackElo "2283"]
[EventDate "2023.12.29"]

1. c4 e6 2. Nc3 d5 3. d4 Nf6 4. cxd5 exd5 5. Bg5 c6 6. e3 Bd6 7. Bd3 Nbd7
8. Qc2 Nf8 9. Nge2 Ng6 10. h3 h6 11. Bxf6 Qxf6 12. O-O-O O-O 13. Kb1 Qxf2
14. e4 Be6 15. e5 Be7 16. Rdf1 Qxg2 17. Nd1 c5 18. Ne3 Qg5 19. Rf3 cxd4 20.
Rg1 Qh5 21. Nxd4 Nxe5 22. Rfg3 Bf6 23. Be2 Qh4 24. Nef5 Bxf5 25. Nxf5 Qe4
26. Nxg7 Qxc2+ 27. Kxc2 Kh8 28. Nh5 Bg5 29. h4 Bxh4 30. Rh3 Bg5 31. Nf6 Kg7
32. Nh5+ Kg6 33. Nf4+ Kf5 34. Nxd5 Rac8+ 35. Kb1 Ke6 36. Nc3 f5 37. Re1
Rfd8 38. Bf3 Rc7 39. Rh2 Kf6 40. Bh5 Re7 41. Rf2 Nc6 42. Ne4+ Kg7 43. Rxf5
Rd4 44. Bf3 Kg6 45. Rc5 Re5 46. Rc2 Kg7 47. Rce2 Rb5 48. Nc3 Rf5 49. Bg4
Rxg4 50. Re6 Rf6 51. Re8 Rgf4 52. Nd5 Rf2 53. Nxf6 Bxf6 54. b3 Rb2+ 55. Kc1
Rxa2 56. R1e4 h5 57. b4 a6 58. Rc8 Kg6 59. Rc7 h4 60. Rxb7 h3 61. Rb6 h2
62. Re1 Ra1+ 0-1